Public administration in EU countries: selected comparative approaches

Komparatívne prístupy: podľa systémov ľudských zdrojov, podľa systému vlády a administratívnej úrovne, podľa lokálnej vlády v krajinách Európy a podľa trendov v poskytovaní služieb vo verejnej administratíve. Decentralizácia verejnej administratívy vzhľadom na verejné výdavky (klastrová analýza).

Na minha lista:
Detalhes bibliográficos
Autor principal: Halásková, Martina
Formato: Capítulo de Livro
Idioma:inglês
Assuntos:
Tags: Adicionar Tag
Sem tags, seja o primeiro a adicionar uma tag!

MARC

LEADER 00000naa a2200000 4500
001 0200374
005 20231204091721.0
041 0 |a eng 
044 |a CZ 
245 1 0 |a Public administration in EU countries: selected comparative approaches  |c Martina Halásková 
520 |a Komparatívne prístupy: podľa systémov ľudských zdrojov, podľa systému vlády a administratívnej úrovne, podľa lokálnej vlády v krajinách Európy a podľa trendov v poskytovaní služieb vo verejnej administratíve. Decentralizácia verejnej administratívy vzhľadom na verejné výdavky (klastrová analýza). 
610 2 0 |a analýzy 
610 2 0 |a klaster 
610 2 0 |a analýza komparatívna 
610 2 0 |a Európska únia 
610 2 0 |a administratíva 
610 2 0 |a výdavky verejné 
100 1 |a Halásková, Martina